000 00634nam a2200241 a 4500
008
020 _a0712110372 (pbk.)
049 _aMAIN
090 _aHF5667
_bHOW
100 1 _aHoward, Leslie Reginald.
245 1 0 _aAuditing /
_cLeslie R. Howard.
250 _a9th ed.
260 _aLondon :
_bPitman,
_c1992.
300 _aix, 340 p. :
_bill ;
_c22 cm.
440 _aM & E handbook series.
500 _aIncludes index.
650 0 _aAuditing.
907 _a.b10006692
_b25-10-13
_c17-04-03
003
005 20230123133454.0
040 _cNUST
942 _cBOOKS
_kHF5667
_mHOW
999 _c149166
_d149166